Η πόρνη που σέβεται

Αποθηκεύτηκε σε:
Λεπτομέρειες βιβλιογραφικής εγγραφής
Κύριος συγγραφέας: Sartre, Jean-Paul, 1905-1980
Άλλοι συγγραφείς: Χαρτουλάρης, Δημήτρης Ν. (Μεταφραστής)
Μορφή: Βιβλίο
Γλώσσα:Greek
Δημοσίευση: Αθήνα : [χ.ο], 1966
Θέματα:
Ετικέτες: Προσθήκη ετικέτας
Δεν υπάρχουν, Καταχωρήστε ετικέτα πρώτοι!

MARC

LEADER 00000cam a2200000 i 4500
001 1/50772
008 941103s1966 gr ||| | gre||
035 |a 1992  |c ΔΩΡΕΑ  |l 10043965 
040 |a GR-MyUA  |b gre  |e AACR2 
041 1 |a gre 
082 0 |a 842  
100 1 |a Sartre, Jean-Paul,   |d 1905-1980. 
245 1 2 |a Η πόρνη που σέβεται /   |c Ζάν - Πώλ Σάρτρ ; μετάφραση Δ.Ν. Χαρτουλάρη.  
260 |a Αθήνα :   |b [χ.ο],   |c 1966  
300 |a 38 σ. ;   |c 17 εκ.  
650 0 0 |a French fiction. 
700 1 |a Χαρτουλάρης, Δημήτρης Ν.  |e trl 
852 |a INST  |b SAMOS  |e 19941103  |h 842 SAR  |p 005300000544  |q 005300000544  |t BK  |y 0 
909 |a Σ  |b 023768